[Event "HZ Chess Tournament 2022"]
[Site "Vlissingen, Netherlands"]
[Date "2022.08.07"]
[Round "2.44"]
[White "Kempfer, Justus"]
[Black "Baarslag, Ed"]
[Result "0-1"]
[WhiteElo "1715"]
[BlackElo "2172"]
[PlyCount "44"]

1. e4 c5 2. c3 Nf6 3. e5 Nd5 4. d4 cxd4 5. Nf3 d6 6. cxd4 g6 7. e6 Bxe6 8. Ng5
Bg7 9. Nxe6 fxe6 10. Bb5+ Nc6 11. Qf3 Qb6 12. Bc4 Nxd4 13. Qe4 Nb4 14. O-O d5
15. Bxd5 exd5 16. Qh4 Nbc2 17. Nc3 Nxa1 18. Nxd5 Qd6 19. Re1 Nf5 20. Qa4+ Kf7
21. Qc4 b5 22. Qe4 Rhd8 0-1

[Event "HZ Chess Tournament 2022"]
[Site "Vlissingen, Netherlands"]
[Date "2022.08.07"]
[Round "2.45"]
[White "Pijpers, Peter"]
[Black "Manshanden, Dennis"]
[Result "1-0"]
[WhiteElo "2026"]
[BlackElo "1666"]
[PlyCount "73"]

1. e4 c5 2. Nf3 e6 3. d3 Nc6 4. g3 Nf6 5. Bg2 Be7 6. O-O O-O 7. Re1 Qc7 8. c3
d6 9. a3 a5 10. d4 cxd4 11. cxd4 Re8 12. Nc3 h6 13. h3 Rb8 14. d5 Ne5 15. Nxe5
dxe5 16. Nb5 Qc5 17. a4 Rd8 18. Be3 Qb4 19. Bd2 Qc5 20. Bxa5 b6 21. b4 Qc4 22.
Rc1 Qa2 23. Re2 Qxe2 24. Qxe2 bxa5 25. bxa5 exd5 26. exd5 Nxd5 27. Qxe5 Be6 28.
Bxd5 Rxb5 29. axb5 Rxd5 30. Qb8+ Rd8 31. Qa7 Ba3 32. Re1 Bxh3 33. a6 Bg4 34.
Qe3 Bb4 35. Qe8+ Rxe8 36. Rxe8+ Kh7 37. Re4 1-0

[Event "HZ Chess Tournament 2022"]
[Site "Vlissingen, Netherlands"]
[Date "2022.08.07"]
[Round "2.46"]
[White "Leenhouts, Koen"]
[Black "Verhoef, Harry"]
[Result "1-0"]
[WhiteElo "2442"]
[BlackElo "1752"]
[PlyCount "39"]

1. d4 d5 2. c4 c6 3. Nf3 e6 4. Qc2 Nf6 5. Nbd2 Qa5 6. e3 Nbd7 7. Bd3 dxc4 8.
Bxc4 Be7 9. O-O O-O 10. Bd3 Qh5 11. Re1 Re8 12. Nf1 Qa5 13. Bd2 Qc7 14. e4 Nf8
15. Rac1 Bd7 16. Ng3 Rad8 17. b3 a5 18. e5 Nd5 19. Ng5 h6 20. Bh7+ 1-0

[Event "HZ Chess Tournament 2022"]
[Site "Vlissingen, Netherlands"]
[Date "2022.08.07"]
[Round "2.47"]
[White "Weber, Dirk"]
[Black "Freer, Rob"]
[Result "1/2-1/2"]
[WhiteElo "2208"]
[BlackElo "1745"]
[PlyCount "64"]

1. c4 e6 2. Nf3 d5 3. e3 Nf6 4. d3 c6 5. Qc2 Be7 6. Be2 Nbd7 7. b3 O-O 8. Bb2
Bb4+ 9. Nbd2 Qe7 10. O-O Ba3 11. Bxa3 Qxa3 12. d4 Qe7 13. e4 dxe4 14. Nxe4 e5
15. Nxf6+ Qxf6 16. Rad1 exd4 17. Nxd4 Nc5 18. Rfe1 Ne6 19. Nxe6 Bxe6 20. Bd3 g6
21. Re3 Rad8 22. Rde1 Rfe8 23. c5 Bd7 24. h3 Rxe3 25. Rxe3 Re8 26. Rxe8+ Bxe8
27. Bc4 Qa1+ 28. Kh2 Qe5+ 29. g3 Kf8 30. b4 Qd4 31. Kg2 Bd7 32. Qd3 Qxd3
1/2-1/2

[Event "HZ Chess Tournament 2022"]
[Site "Vlissingen, Netherlands"]
[Date "2022.08.07"]
[Round "2.48"]
[White "De Meester, Johan"]
[Black "Nieuwelink, Kees"]
[Result "0-1"]
[WhiteElo "1742"]
[BlackElo "2200"]
[PlyCount "52"]

1. e4 e5 2. Nf3 Nc6 3. Bb5 f5 4. O-O fxe4 5. Bxc6 dxc6 6. Nxe5 Qd4 7. Qh5+ g6
8. Nxg6 hxg6 9. Qxg6+ Kd8 10. d3 Ne7 11. Qxe4 Qg7 12. Re1 Bf5 13. Qf3 Qh7 14.
Bf4 Nd5 15. Be5 Rg8 16. Nc3 Nxc3 17. bxc3 Kd7 18. Rab1 b6 19. Qf4 Rg4 20. Qf3
Bd6 21. Re3 Rag8 22. Bg3 Ra4 23. Rbe1 Rg7 24. c4 Rxa2 25. c3 Rf7 26. d4 Be6 0-1

[Event "HZ Chess Tournament 2022"]
[Site "Vlissingen, Netherlands"]
[Date "2022.08.07"]
[Round "2.50"]
[White "Kogeler, Aart"]
[Black "Wilgenhof, Otto"]
[Result "0-1"]
[WhiteElo "1697"]
[BlackElo "2170"]
[PlyCount "78"]

1. d4 Nf6 2. c4 c5 3. d5 b5 4. cxb5 a6 5. e3 g6 6. Nc3 Bg7 7. Nf3 O-O 8. Be2 e6
9. e4 axb5 10. Bxb5 Qa5 11. O-O Nxe4 12. Nxe4 Qxb5 13. Nc3 Qc4 14. Be3 Bb7 15.
Rc1 Na6 16. b3 Qb4 17. Na4 Bxd5 18. Nxc5 d6 19. Nd7 Rfd8 20. Nb6 Bxf3 21. Qxf3
Rab8 22. Na4 d5 23. Qe2 Qb5 24. Qd2 d4 25. Bf4 e5 26. Bg3 Rb7 27. f3 Bf8 28.
Rc4 Bb4 29. Qd3 f5 30. Rfc1 Rbd7 31. Bh4 Re8 32. Be1 e4 33. fxe4 fxe4 34. Qh3
Bxe1 35. Rxe1 d3 36. Rcxe4 Rxe4 37. Rxe4 d2 38. Re8+ Kg7 39. Qc3+ Kf7 0-1